书目信息 |
| 题名: |
四书今译
|
|
| 作者: | 夏延章 , 唐满先 , 刘方元 译注 | |
| 分册: | ||
| 出版信息: | 南昌 江西人民出版社 1986 |
|
| 页数: | 307页 | |
| 开本: | 20cm | |
| 丛书名: | ||
| 单 册: | ||
| 中图分类: | B222.14 | |
| 科图分类: | ||
| 主题词: | 四书--译文 | |
| 电子资源: | ||
| ISBN: | ||
| 000 | 00680nam0 2200241 45 | |
| 001 | 0186002619 | |
| 005 | 20041231105102.2 | |
| 010 | @b精装@dCNY4.80 | |
| 100 | @a19951103d1986 em y0chiy0121 ea | |
| 101 | 0 | @achi |
| 102 | @aCN@b360000 | |
| 105 | @ay z 000yy | |
| 200 | 10 | @a四书今译@Asi shu jin yi@f夏延章,唐满先,刘方元译注@FXia Yan Zhang,Tang Man Xian,Liu Fang Yuan Yi Zhu |
| 210 | @a南昌@c江西人民出版社@d1986 | |
| 215 | @a307页@d20cm | |
| 606 | @a四书@x译文 | |
| 690 | @aB222.14@v3 | |
| 701 | 0 | @a夏延章@4译注 |
| 701 | 0 | @a唐满先@4译注 |
| 701 | 0 | @a刘方元@4译注 |
| 801 | 0 | @aCN@b深圳图书馆@c20041231 |
| 801 | 2 | @aCN@bNLC@c20041231 |
| 905 | @f1@b167523@dB222.14@e55 | |
| 四书今译/夏延章,唐满先,刘方元译注.-南昌:江西人民出版社,1986 |
| 307页;20cm |
| ISBN (精装):CNY4.80 |
| ● |
| 相关链接 |
|
|
|
|
正题名:四书今译
索取号:B222.14/55
 
预约/预借
| 序号 | 登录号 | 条形码 | 馆藏地/架位号 | 状态 | 备注 |
| 1 | 0167523 | 001968543 | 第一借阅区/ [索取号:B222.14/55] | 在馆 | |
| 2 | 0167524 | 002049704 | 第一样本阅览室/ [索取号:B222.14/55] | 在馆 |